Statistiques concernant Villes les plus peuplées de l'Ain 01

Cliquez ici pour prendre le quiz!

Statistiques générales

  • Ce quiz a été pris 46 fois
  • Le résultat moyen est 7 sur 15

Statistiques - réponses

PopulationVille% Correct
41 681Bourg-en-Bresse
100%
22 271Oyonnax
88%
14 288Ambérieu-en-Bugey
71%
9 207Belley
71%
13 177Gex
67%
7 998Meximieux
50%
16 434Valserhône
50%
10 612Ferney-Voltaire
45%
10 202Miribel
43%
7 214Lagnieu
29%
9 999Divonne-les-Bains
26%
6 864Montluel
26%
14 274Saint-Genis-Pouilly
21%
6 945Trévoux
21%
8 948Prévessin-Moëns
10%

Distribution des résultats

Percentile par nombre de réponses

% des personnes avec chaque résultat

Votre développement - résultats

Vous n’avez pas pris ce quiz